LEADER 00803nam a2200193 i 4500 001 000000154499 003 CaOOAMICUS 005 20061018000000.0 008 061018s1906 it u000 u ita u 013 $a131845 040 $aSeMil$bita 100 1 $aFranceschi Marini, Evelyn.$0(OLS)http://semarc/name/52216 245 10$aAntichi pittori italiani :$bconversazioni artistiche illustrate per la gioventù /$cEvelyn. 260 $aMilano :$bA. Solmi,$c1906. 300 $a643 p. :$bill. ;$c25 cm. 850 $aSeMil 852 $aSeMil$W1$xVenegono$y1$m5L VII 22$j106357$B106357$CSeMilBibl$Z2$F115606 $81 996 $6245$aAntichi pittori italiani :$bconversazioni artistiche illustrate per la gioventù$9(OLS)http://semarc/title/226118 996 $6260$aMilano :$bA. Solmi$9(OLS)http://semarc/publisher/48175 LEADER 00529nam a2200169 i 4500 001 000000218234 003 CaOOAMICUS 005 20130122000000.0 008 130122s1899 xx u000 u lat u 013 $a197131 040 $aSeMil$bita 245 10$a18. 300 $a241 p. 773 0 $tLeonis 13. pontificis maximi Acta.$dRoma : Ex Typ. Vaticana, 1881-1905.$g18$w()27944 850 $aSeMil 852 $aSeMil$W1$xVenegono$y1$m2H IV 47 FA$j168647$B168647$CSeMilBibl$Z2$F179530 $8I 996 $6245$a18$9(OLS)http://semarc/title/239914